Every Premium PVZ2 Plant - Statistics

General Stats
  • This quiz has been taken 32 times
  • The average score is 37 of 75
Answer Stats
Plant % Correct
Chomper
88%
Snow Pea
88%
Fire Peashooter
81%
Jalapeno
81%
Squash
77%
Electric Peashooter
69%
Hypno-shroom
69%
Pokra
69%
Power Lily
69%
Cold Snapdragon
65%
Ghost Pepper
65%
Gold Bloom
65%
Hurrikale
65%
Sap-fling
65%
Goo Peashooter
62%
Grapeshot
62%
Homing Thistle
62%
Shadow Peashooter
62%
Starfruit
62%
Toadstool
62%
Torchwood
62%
Cactus
58%
Lava Guava
58%
Pea-nut
58%
Pea Vine
58%
Sling Pea
58%
Snap Pea
58%
Electric Blueberry
54%
Escape Root
54%
Jack O' Lantern
54%
Shrinking Violet
54%
Ultomato
54%
Wasabi Whip
54%
Apple Mortar
50%
Caulipower
50%
Explode-O-Nut
50%
Hot Date
50%
Imitater
50%
Holly Barrier
46%
Parsnip
46%
Strawburst
46%
Sweet Potato
46%
Witch Hazel
46%
Blastberry Vine
42%
Electric Currant
42%
Gloom Vine
42%
Gumnut
42%
Kiwibeast
42%
Puffball
42%
Pumpkin
42%
Pyre Vine
42%
Solar Tomato
42%
Zoybean Pod
42%
Blooming Heart
38%
Dandelion
38%
Missile Toe
38%
Aloe
35%
Bombegranate
35%
Electrici-tea
35%
Tumbleweed
35%
Boom Balloon Flower
31%
Dartichoke
31%
Explode-o-Vine
31%
Headbutter Lettuce
31%
Ice Bloom
31%
Murkadamia Nut
31%
Shine Vine
31%
Turkey-pult
31%
Dazey Chain
27%
Stickybomb Rice
23%
Draftodil
19%
Imp Pear
19%
Hocus Crocus
15%
Olive Pit
15%
Boingsetta
12%
No matching quizzes found
Score Distribution
Percent of People with Each Score
Percentile by Number Answered
Your Score History
You have not taken this quiz